Minecraft Classic - Statistics

General Stats
  • This quiz has been taken 27 times
  • The average score is 24 of 25
Answer Stats
Picture Answer % Correct
Arrow
100%
Block of Gold
100%
Block of Iron
100%
Coal Ore
100%
Glass
100%
Gold Ore
100%
Iron Ore
100%
Lava
100%
Oak Leaves
100%
Obsidian
100%
Sand
100%
TNT
100%
Water
100%
Bookshelf
96%
Bricks
96%
Brown Mushroom
96%
Dandelion
96%
Gravel
96%
Red Mushroom
96%
Sponge
96%
White Wool
96%
Bedrock
92%
Mossy Cobblestone
92%
Oak Log
92%
Smooth Stone Slab
84%
No matching quizzes found
Score Distribution
Percent of People with Each Score
Percentile by Number Answered
Your Score History
You have not taken this quiz